| 000 | 01226cam a22003374i 4500 | ||
|---|---|---|---|
| 999 |
_c46128 _d46128 |
||
| 001 | 19766 | ||
| 003 | CO-MdFUSB | ||
| 005 | 20180622170015.0 | ||
| 008 | 180227t19741975enk||||g |||| 00| 0 eng d | ||
| 020 | _a334-01679-7 | ||
| 040 |
_aCO-MdFUSB _bspa _cCO-MdFUSB _dCO-MdFUSB _erda |
||
| 041 | _aeng | ||
| 082 |
_224 _aG 261.7 _bL523t |
||
| 100 | 1 |
_aLehmann, Paul _eautor |
|
| 242 |
_aLa transfiguración de la política _b: Jesucristo y la cuestión de la revolución _lInglés |
||
| 245 | 1 | 4 |
_aThe transfiguration of politics _b: Jesus Christ and the question of revolution _c/ Paul Lehmann |
| 264 | 1 |
_aLondon : _bSCM Press, _c℗1975 |
|
| 264 | _c©1974 | ||
| 300 |
_axv, 366 páginas _b: _c23 cm |
||
| 336 |
_2rdacontent _atexto _btxt |
||
| 337 |
_2rdamedia _asin mediación _bn |
||
| 338 |
_2rdacarrier _avolumen _bnc |
||
| 501 | _aIncluye índice (p. 357-366) | ||
| 504 | _aBibliografía (p. 351- 355) | ||
| 505 | 0 | 0 | _aRevolución, humanización y la historia -- Una política de confrontación -- Una política de transfiguración -- La transfiguración de la política |
| 563 | _aPasta dura | ||
| 650 | 7 |
_9286 _aReligión y política |
|
| 650 | 7 |
_9239 _aCristología |
|
| 942 | _cBK | ||